000 00436nam a2200193Ia 4500
005 20250603145454.0
008 250603s9999 xx 000 0 und d
020 _a978-0-7339-7766-4
050 _aHD 58.7 .R62/ 
100 _aStephen P.Robbins
245 0 _aOrganisational Behaviour
250 _a8th ed.
260 _aMiddlan
260 _bPearson
260 _c2008
300 _a690 p
650 _aMiddlan
942 _cBK
999 _c41957
_d41957